শক্তিবাদ : (Record no. 1069400)

MARC details
000 -LEADER
fixed length control field 01321nam a2200313 a 4500
001 - CONTROL NUMBER
control field vtls001617120
003 - CONTROL NUMBER IDENTIFIER
control field NLI
005 - DATE AND TIME OF LATEST TRANSACTION
control field 20210628133940.0
008 - FIXED-LENGTH DATA ELEMENTS--GENERAL INFORMATION
fixed length control field 121214s1980 ii 000 0 ben
039 #9 - LEVEL OF BIBLIOGRAPHIC CONTROL AND CODING DETAIL [OBSOLETE]
-- 201212141917
-- VLOAD
040 ## - CATALOGING SOURCE
Original cataloging agency NLI
Language of cataloging beneng
Transcribing agency Datasoft_Bengali_AC
Description conventions AACR2
041 0# - LANGUAGE CODE
Language code of text/sound track or separate title ben
044 ## - COUNTRY OF PUBLISHING/PRODUCING ENTITY CODE
MARC country code ii
082 04 - DEWEY DECIMAL CLASSIFICATION NUMBER
Classification number 320.954
100 0# - MAIN ENTRY--PERSONAL NAME
Linkage 880-01
Personal name সত্যানন্দ ব্রক্ষ্মচারী
9 (RLIN) 677201
245 10 - TITLE STATEMENT
Linkage 880-02
Title শক্তিবাদ :
Remainder of title রাজনীতি সম্বন্ধে শক্তিশালী মতবাদ /
Statement of responsibility, etc. সত্যানন্দ ব্রক্ষ্মচারী
260 ## - PUBLICATION, DISTRIBUTION, ETC.
Place of publication, distribution, etc. হুগলী :
Name of publisher, distributor, etc. টি. এন. রায়চৌধুরী,
Date of publication, distribution, etc. 1980
300 ## - PHYSICAL DESCRIPTION
Extent 92 p. ;
Dimensions 18 cm.
650 #0 - SUBJECT ADDED ENTRY--TOPICAL TERM
Topical term or geographic name entry element Political science
Geographic subdivision India
General subdivision History
9 (RLIN) 688682
651 #0 - SUBJECT ADDED ENTRY--GEOGRAPHIC NAME
Geographic name India
General subdivision Politics and government
880 0# - ALTERNATE GRAPHIC REPRESENTATION
Linkage 100-01(B
a Satyānanda Brahmacārī
880 10 - ALTERNATE GRAPHIC REPRESENTATION
Linkage 245-02(B
a Śaktibād :
b rājnīti sambandhe śaktiśālī matabād /
c Satyānanda Brahmacārī
887 ## - NON-MARC INFORMATION FIELD
Content of non-MARC field Mousumi Sarkar 20.08.2010 (Sumit Kumar Das)
901 ## - LOCAL DATA ELEMENT A, LDA (RLIN)
a 3217
b 05.06.1980
902 ## - LOCAL DATA ELEMENT B, LDB (RLIN)
a AC/B 320.954 S
904 ## - LOCAL DATA ELEMENT D, LDD (RLIN)
c Mousumi Sarkar 20.08.2010 (Sumit Kumar Das)
l B 1942
949 ## - LOCAL PROCESSING INFORMATION (OCLC)
-- VIRTUAITEM
-- 10000
-- 100
6 GAC000003217BEN
942 ## - ADDED ENTRY ELEMENTS (KOHA)
Source of classification or shelving scheme Dewey Decimal Classification
Koha item type Books
Holdings
Withdrawn status Lost status Damaged status Not for loan Collection code Home library Current library Shelving location Date acquired Total Checkouts Full call number Barcode Date last seen Price effective from Koha item type
          National Library of India National Library of India       AC/B 320.954 S GAC000003217BEN 28/06/2021 28/06/2021 Books
                                                                           
web counter

Copyright ©2020 The National Library of India, Govt. of India ↔ Hosted by NVLI, MOC ↔ Technology and Design by National Library of India, Ministry of Culture, Govt. of India